000 00625nam a22002177a 4500
003 UA-OsUOA
001 36842
007 ta
008 20060216b un ||||| |||| 00| 0 ukr d
100 _aМінецька І.
090 _a01
_bМ11
942 _cSA
040 _aUA-OsUOA
_bukr
_cUA-OsUOA
_dUA-OsUOA
245 _aБібліотеки України одержать гранти на відкриття Інтернет-центрів
300 _aС.4
955 _a0
041 _aukr
080 _a01
773 0 _w36841
650 7 _a01 Бібліографія і бібліографії. Каталоги
_2UDC
999 _c323029
_d323029